MARC

LEADER 00000nam0a2200000 4500
001 220274
005 20231101230324.0
010 |a 9780521804981 
035 |a (RuTPU)RU\TPU\book\240395 
090 |a 220274 
100 |a 20120821d2007 m y0engy50 ba 
101 0 |a eng 
102 |a GB 
105 |a y j 001zy 
200 1 |a Learning Vocabulary in Another Language  |f I. S. P. Nation 
205 |a 9th ed. 
210 |a Cambridge  |c Cambridge University Press  |d 2007 
215 |a 477 p. 
225 1 |a Cambridge Applied Linguistics 
320 |a References: p. 432-463. 
320 |a Index: p. 464-477. 
606 1 |a Английский язык  |2 stltpush  |3 (RuTPU)RU\TPU\subj\29049  |9 52461 
610 1 |a лингвистика 
610 1 |a прикладная лингвистика 
610 1 |a исследования 
686 |a Ш143.21  |v LBC/SL-A  |2 rubbk 
700 1 |a Nation  |b I. S. P. 
801 1 |a RU  |b 63413507  |c 20120821 
801 2 |a RU  |b 63413507  |c 20120912  |g RCR 
942 |c BK